Introduction to cataloging: (Record no. 6798)
[ view plain ]
| 000 -LEADER | |
|---|---|
| fixed length control field | 00636nam a22001937a 4500 |
| 008 - FIXED-LENGTH DATA ELEMENTS--GENERAL INFORMATION | |
| fixed length control field | 230309b |||||||| |||| 00| 0 eng d |
| 020 ## - INTERNATIONAL STANDARD BOOK NUMBER | |
| International Standard Book Number | 0-07-006412-1 |
| 040 ## - CATALOGING SOURCE | |
| Original cataloging agency | National Science Library |
| Transcribing agency | National Science Library |
| 080 ## - UNIVERSAL DECIMAL CLASSIFICATION NUMBER | |
| Universal Decimal Classification number | D 025.3 |
| Item number | L0.2 |
| 100 ## - MAIN ENTRY--PERSONAL NAME | |
| Personal name | Boll, John J |
| 9 (RLIN) | 2380 |
| 245 ## - TITLE STATEMENT | |
| Title | Introduction to cataloging: |
| Remainder of title | With emphasis on the cataloging process and on personal names |
| 260 ## - PUBLICATION, DISTRIBUTION, ETC. | |
| Place of publication, distribution, etc. | New York: |
| Name of publisher, distributor, etc. | Mcgraw-Hill Book Company, |
| Date of publication, distribution, etc. | 1973 |
| 300 ## - PHYSICAL DESCRIPTION | |
| Extent | xii, 423p. |
| 500 ## - GENERAL NOTE | |
| General note | Vol. II: entry headings |
| 650 ## - SUBJECT ADDED ENTRY--TOPICAL TERM | |
| Topical term or geographic name entry element | Entry headings |
| 653 ## - INDEX TERM--UNCONTROLLED | |
| Uncontrolled term | Cataloging process |
| 653 ## - INDEX TERM--UNCONTROLLED | |
| Uncontrolled term | Cataloging rules |
| 942 ## - ADDED ENTRY ELEMENTS (KOHA) | |
| Source of classification or shelving scheme | Universal Decimal Classification |
| Koha item type | Books |
| Withdrawn status | Lost status | Source of classification or shelving scheme | Damaged status | Not for loan | Home library | Current library | Shelving location | Date acquired | Total Checkouts | Full call number | Barcode | Date last seen | Price effective from | Koha item type |
|---|---|---|---|---|---|---|---|---|---|---|---|---|---|---|
| Universal Decimal Classification | National Science Library | National Science Library | GF/Rk-2/C-10/R-2 | 21/09/1974 | D 025.3 L0.2 | 64136 | 09/03/2023 | 09/03/2023 | Books |